000 00880nam a2200253Ia 4500
003 OSt
005 20221005111801.0
006 a|||||r|||| 00| 0
007 ta
008 221004b |||||||| |||| 00| 0 hin d
020 _a9788188681006 (hbk)
_c1250
024 _a97505
037 _b429/PBD, 06/02/2009, Pioneer Books Distributors
_cTextual
040 _aCRL
_cCRL
_bhin
041 _2hin
_ahin
082 _aQ.2'N, 152P7
100 _aअरूण
245 0 _aभारत में धर्म का स्वर्ण युग
246 _aBhārat mean dharma kā svarṇa yuga
260 _aमेरठ
_bशलभ पब्लिशिंग हाउस भारत
_c2007
300 _a506पृ0
_ccm.
942 _hQ.2'N, 152P7
_cTEXL
_2cc
999 _c1022890
_d1022890